00772nam a22002057a 450000500170000001000150001702000260003203500140005803700090007208200130008110000250009424500710011925000060019026000450019627001040024130000210034594200270036699900190039395201540041220240816103449.0 aENG-141105 c350.00a9789358195606 aEN-124637 bDBAD a158.121 aJaideep Singh970082 aLife an Act of Art:bAwakening Your Authentic Self/cBy Zile Singh a1 aUttar PradeshbBLUEROSE PUBLISHERSc2023 bUttar PradeshaABL Workspaces, B-6, Amaltash Marg, Block B, Sector 4, Noida, Uttar Pradesh e201301 a212p.c23cm(pbk) 2ddch158.1cENmZILe1 c205062d205062 001040708NFICaNRbNRd2024-08-16eDelivery of Books Act Divisiong350.00l0o158.1 ZILpEN-124637r2024-08-16 00:00:00t1v350.00w2024-08-16yEN